El juego / (Record no. 193284)

MARC details
000 -LEADER
campo de control de longitud fija 02524cam a2200385 i 4500
001 - NÚMERO DE CONTROL
campo de control 193284
003 - IDENTIFICADOR DE NÚMERO DE CONTROL
campo de control SpMaBN
005 - FECHA Y HORA DE LA ÚLTIMA TRANSACCIÓN
campo de control 20250804062655.0
007 - CAMPO FIJO DE DESCRIPCIÓN FÍSICA--INFORMACIÓN GENERAL
campo de control de longitud fija ta
008 - DATOS DE LONGITUD FIJA--INFORMACIÓN GENERAL
campo de control de longitud fija 080730s2008 sp a | |||| 000 f spa
017 ## - NÚMERO DE COPYRIGHT O DE DEPÓSITO LEGAL
Número de copyright o de depósito legal M 30567-2008
Agencia que asigna Oficina Depósito Legal Madrid
020 ## - NÚMERO INTERNACIONAL ESTÁNDAR DEL LIBRO
Número Internacional Estándar del Libro 9788461245468
035 ## - NÚMERO DE CONTROL DEL SISTEMA
Número de control de sistema (OCoLC)433787774
035 ## - NÚMERO DE CONTROL DEL SISTEMA
Número de control de sistema a4312815
040 ## - FUENTE DE CATALOGACIÓN
Centro catalogador/agencia de origen SpMaBN
Lengua de catalogación spa
Centro/agencia transcriptor SpMaBN
Normas de descripción rdc
080 ## - NÚMERO DE LA CLASIFICACIÓN DECIMAL UNIVERSAL
Número de la Clasificación Decimal Universal 821.134.2-31"19"
100 1# - ENTRADA PRINCIPAL--NOMBRE DE PERSONA
Nombre de persona Benítez, Jesús,
Fechas asociadas al nombre 1957-
Número de control del registro de autoridad o número normalizado XX4581806
9 (RLIN) 234283
Término indicativo de función/relación Autor
245 13 - MENCIÓN DEL TÍTULO
Título El juego /
Mención de responsabilidad, etc. Jesús Benítez ; [prólogo, Aurelio de Prada]
250 ## - MENCION DE EDICION
Mención de edición Primera edición, junio 2008
260 ## - PUBLICACIÓN, DISTRIBUCIÓN, ETC.
Lugar de publicación, distribución, etc. Madrid :
Nombre del editor, distribuidor, etc. Edición Personal,
Fecha de publicación, distribución, etc. 2008
300 ## - DESCRIPCIÓN FÍSICA
Extensión 199 páginas :
Otras características físicas ilustraciones (blanco y negro) ;
Dimensiones 21 cm
336 ## - TIPO DE CONTENIDO
Fuente rdacontent
Término de tipo de contenido Texto
337 ## - TIPO DE MEDIO
Fuente rdamedia
Nombre/término del tipo de medio sin mediación
338 ## - TIPO DE SOPORTE
Fuente rdacarrier
Nombre/término del tipo de soporte volumen
520 ## - RESUMEN, ETC.
Sumario, etc. La trama en El juego se encuentra en la línea divisoria entre la aventura, la filosofía y la ciencia-ficción, en la que el futuro de la Humanidad se encuentra en las manos de aventureros y científicos que con su intervención pueden evitar un Apocalipsis informático. En la obra se hace mención a los últimos descubrimientos en nanociencia y microfísica. Al mismo tiempo, el medio en el que se desarrolla el relato trasciende los conceptos de «espacio» y «tiempo» y pone en discusión la percepción de la realidad, siguiendo teorías cientificistas y orientalistas, utilizando los fundamentos de los principios de la denominada «teoría de la complejidad». Se trata de una obra de acción en la que los protagonistas se enfrentan a las fuerzas de la naturaleza en un juego de complejidades. Se relatan las aventuras de Simón, un hombre, «clon» que existe entre la realidad y la ficción. Es miembro de una organización secreta y él y sus compañeros participan en una aventura, «el juego» virtual, actividad llena de peligros de la que intentan salir indemnes.
655 #0 - TERMINO DE INDIZACIÓN--GENERO/FORMA
Datos o término principal de género/forma Novelas
9 (RLIN) 234319
700 1# - ENTRADA AGREGADA--NOMBRE PERSONAL
9 (RLIN) 234416
Nombre de persona Prada García, Aurelio de
Término indicativo de función/relación Autor de introducción
852 ## - LOCALIZACIÓN
Ubicación ES-MaACL
Sublocalización o colección R. 154688
Ubicación en estantería Depósito J
Número de control de estantería N-9462
Anotaciones manuscritas Dedicatoria autógrafa del autor
Donativo/Legado Donación: Jesús Benítez
itemnumber 200718
Encuadernación Encuadernación rústica
903 ## - NOMBRE PERSONAL DE DONANTE
9 234283
a Benítez, Jesús,
d 1957-
e Donante
942 ## - ELEMENTOS DE ENTRADA SECUNDARIOS (KOHA)
Suprimir en OPAC No
Tipo de ítem Koha Libro impreso
Holdings
Estatus retirado Estado de pérdida Fuente del sistema de clasificación o colocación Estado de daño No para préstamo Colección Biblioteca de origen Biblioteca actual Ubicación en estantería Fecha de adquisición Fuente de adquisición Número de control de estantería Total de préstamos Signatura topográfica completa Código de barras Visto por última vez Tipo de ítem Koha Nota pública
    Clasificación decimal universal     Libros con dedicatorias Biblioteca del Ateneo de Madrid Biblioteca del Ateneo de Madrid Depósito J 30/10/2023 Donación Ateneísta   N-9462 101206007 30/10/2023 Libro impreso Dedicatoria autógrafa del autor